Vyhodnocení reálných záznamů jízdy k zásahům z pohledu dynamiky jízdy
Stručné poinformovanie o obsahu, postupoch riešenia a vybraných výsledkoch študentského grantu súťažný projekt s názvom "Overovanie jazdných vlastností hasičských vozidiel typu vodný tender" (Id.č. SP2021/58). Sumarizovanie výsledkov jedného z dvoch hlavných cieľov projektu, ktorým je vyhodnotenie n...
Na minha lista:
| Autor principal: | |
|---|---|
| Outros Autores: | , , , , |
| Formato: | Capítulo de Livro |
| Idioma: | tcheco |
| Assuntos: | |
| Tags: |
Sem tags, seja o primeiro a adicionar uma tag!
|
MARC
| LEADER | 00000naa a2200000 4500 | ||
|---|---|---|---|
| 001 | 0306957 | ||
| 005 | 20250211144939.9 | ||
| 041 | 0 | |a cze | |
| 044 | |a SK | ||
| 245 | 1 | 0 | |a Vyhodnocení reálných záznamů jízdy k zásahům z pohledu dynamiky jízdy |c Ladislav Jánošík, Ivana Jánošíková, Karolína Jonová, Vítězslav Nováček, Pavel Poledňák, Izabela Šudrychová |
| 520 | |a Stručné poinformovanie o obsahu, postupoch riešenia a vybraných výsledkoch študentského grantu súťažný projekt s názvom "Overovanie jazdných vlastností hasičských vozidiel typu vodný tender" (Id.č. SP2021/58). Sumarizovanie výsledkov jedného z dvoch hlavných cieľov projektu, ktorým je vyhodnotenie núdzovej jazdy evidencie vybraných zásahových hasičských vozidiel typu vodné tendre so zameraním na dynamiku jazdy. | ||
| 610 | 2 | 0 | |a automobily |
| 610 | 2 | 0 | |a požiare |
| 610 | 2 | 0 | |a požiarnictvo |
| 610 | 2 | 0 | |a požiarovosť |
| 610 | 2 | 0 | |a akcelerátor |
| 610 | 2 | 0 | |a hodnotenie |
| 100 | 1 | |a Jánošík, Ladislav | |
| 700 | 1 | |a Jánošíková, Ivana | |
| 700 | 1 | |a Jonová, Karolína | |
| 700 | 1 | |a Nováček, Vítězslav | |
| 700 | 1 | |a Poledňák, Pavel | |
| 700 | 1 | |a Šudrychová, Izabela | |